000
00335nam a2200145Ia 4500
003
OSt
005
20231230104344.0
008
170524s9999 xx 000 0 und d
020
_a
8129700050
040
_c
iimt university meerut
100
_a
LILIEN
245
0
_a
MARKETING ENGINEERING
260
_b
CONCEPT PUB. CO.
942
_2
ddc
_c
02
999
_c
8009
_d
8009